000
00314nam a22001337a 4500
020
_a
978-1-3503-4710-6
082
_a
332.042
100
_a
Pilbeam, Keith
245
_a
International Finance
250
_a
5th
260
_a
London:
_b
Bloomsbury Publishing,
_c
2023
300
_a
xiv, 549p.: ill.; 25cm
942
_c
BK
999
_c
22188
_d
22188